[Event "Tenerife-chT Segunda-B 1819"]
[Site "Tenerife"]
[Date "2019.04.06"]
[Round "13.1"]
[White "Cordero Alamo, Ramon"]
[Black "Febles Dominguez, Alfonso Jesus"]
[Result "1-0"]
[WhiteElo "1342"]
[BlackElo "1293"]
[PlyCount "83"]
[EventDate "2018.11.24"]
[EventType "team-tourn"]
[EventRounds "18"]
[EventCountry "ESP"]
[SourceTitle "CBM 189 Extra"]
[Source "ChessBase"]
[SourceDate "2019.06.03"]
[SourceVersion "1"]
[SourceVersionDate "2019.06.03"]
[SourceQuality "1"]
[WhiteTeam "Ebano Barrio Nuevo IV"]
[BlackTeam "Circulo de Amistad XII Enero III"]
[WhiteTeamCountry "ESP"]
[BlackTeamCountry "ESP"]

1. c4 e5 2. Nc3 Nc6 3. Nf3 Nf6 4. d3 Bc5 5. g3 0-0 6. Bg2 Re8 7. Bg5 Be7 8. 0-0 d5 9. Bxf6 Bxf6 10. Nxd5 e4 11. Nxf6+ Qxf6 12. dxe4 Qxb2 13. Qd2 Qf6 14. Rab1 Be6 15. Rxb7 Rac8 16. e5 Qe7 17. Qc3 Rb8 18. Rfb1 Rxb7 19. Rxb7 Rb8 20. Rxb8+ Nxb8 21. Nd4 Bd7 22. Nb5 Bxb5 23. cxb5 Qd8 24. Qd3 Qe7 25. a4 Nd7 26. Qe4 Nf8 27. h3 Qc5 28. e3 g6 29. Qc6 Qe7 30. Qf6 Qc5 31. Qf4 Kg7 32. Qd4 Qb6 33. Qc4 Nd7 34. Qd4 Qe6 35. Kh2 f6 36. exf6+ Nxf6 37. Qxa7 Qd6 38. a5 Kh6 39. b6 c5 40. Qc7 Ne8 41. Qxd6 Nxd6 42. b7 1-0

[Event "Tenerife-ch Seniors"]
[Site "Santa Cruz"]
[Date "2019.02.20"]
[Round "6"]
[White "Febles Dominguez, Alfonso Jesus"]
[Black "Cordero Alamo, Ramon"]
[Result "1-0"]
[WhiteElo "1267"]
[BlackElo "1342"]
[PlyCount "93"]
[EventDate "2019.02.01"]
[EventType "swiss"]
[EventRounds "7"]
[EventCountry "ESP"]
[SourceTitle "EXT 2024"]
[Source "ChessBase"]
[SourceDate "2023.10.10"]
[SourceVersion "1"]
[SourceVersionDate "2023.10.10"]
[SourceQuality "1"]

1. e4 e6 2. d4 d5 3. e5 c5 4. c3 Nc6 5. Nf3 Nge7 6. Bb5 a6 7. Ba4 Ng6 8. 0-0 Bd7 9. Be3 cxd4 10. cxd4 b5 11. Bb3 Be7 12. Nc3 Na5 13. Bc2 Nc4 14. Bc1 0-0 15. b3 Nb6 16. Ne2 b4 17. Re1 Rc8 18. Bd3 a5 19. Ng3 Qe8 20. Bg5 Bxg5 21. Nxg5 Bb5 22. Bxb5 Qxb5 23. Qh5 h6 24. Nxe6 fxe6 25. Qxg6 Qe8 26. Qxe8 Rfxe8 27. Rac1 Kf7 28. Rc5 Rxc5 29. dxc5 Na8 30. f4 Rc8 31. Rc1 Rc6 32. Ne2 Rc7 33. Nd4 Nb6 34. Nb5 Rc6 35. Rc2 Nd7 36. Nd6+ Ke7 37. Nb7 g6 38. g3 d4 39. Kf1 Rc7 40. c6 Nb8 41. Nxa5 Nxc6 42. Rxc6 Rd7 43. Ke1 Ra7 44. Rc5 Rd7 45. Kd2 Kf7 46. Nc6 Rc7 47. Nd8+ 1-0

[Event "Santa Cruz de Tenerife Autumn op"]
[Site "Santa Cruz de Tenerife"]
[Date "2018.10.26"]
[Round "6"]
[White "Cordero Alamo, Ramon"]
[Black "Rodriguez Acosta, Raul"]
[Result "1/2-1/2"]
[WhiteElo "1342"]
[BlackElo "1473"]
[PlyCount "113"]
[EventDate "2018.10.15"]
[EventType "swiss"]
[EventRounds "9"]
[EventCountry "ESP"]
[SourceTitle "CBM 187 Extra"]
[Source "ChessBase"]
[SourceDate "2018.11.04"]
[SourceVersion "1"]
[SourceVersionDate "2018.11.04"]
[SourceQuality "1"]

1. c4 g6 2. Nc3 Bg7 3. Nf3 Nc6 4. g3 d6 5. Bg2 e5 6. d3 h6 7. Rb1 f5 8. Nd5 Nf6 9. Nxf6+ Qxf6 10. b4 0-0 11. 0-0 Bd7 12. b5 Nd8 13. Bb2 Qf7 14. a4 Kh7 15. Ne1 f4 16. Nc2 Rb8 17. d4 Qxc4 18. dxe5 Bf5 19. Rc1 Qxa4 20. gxf4 Qxf4 21. e3 Qh4 22. Qd4 Qxd4 23. exd4 dxe5 24. dxe5 Bd3 25. Rfe1 Ne6 26. Nd4 Nxd4 27. Bxd4 Bxb5 28. Rxc7 Kg8 29. Bxa7 Rbe8 30. Bd5+ Kh8 31. Rxb7 Ba6 32. Rb6 Bd3 33. Rb3 Bf5 34. e6 Bf6 35. Bc5 Be7 36. Bxe7 Rxe7 37. Rb6 Bh3 38. Bg2 Bf5 39. Bd5 Kg7 40. Re2 Rd8 41. Bb3 Kf6 42. Re3 Rde8 43. Kg2 g5 44. Kg3 h5 45. h4 g4 46. f3 Rg8 47. f4 Rge8 48. Re5 Rc8 49. Re3 Rc1 50. Rb8 Bxe6 51. Rxe6+ Rxe6 52. Bxe6 Rc3+ 53. Kg2 Kxe6 54. Rb5 Rf3 55. Rxh5 Kf6 56. Rg5 Rxf4 57. Ra5 1/2-1/2

[Event "Tenerife-chT Segunda 1718"]
[Site "Tenerife"]
[Date "2018.04.07"]
[Round "14.4"]
[White "Cordero Alamo, Ramon"]
[Black "Brito Rodriguez, Allan"]
[Result "1-0"]
[WhiteElo "1394"]
[BlackElo "1242"]
[PlyCount "71"]
[EventDate "2017.11.11"]
[EventType "team-tourn"]
[EventRounds "14"]
[EventCountry "ESP"]
[SourceTitle "EXT 2019"]
[Source "ChessBase"]
[SourceDate "2018.10.10"]
[SourceVersion "1"]
[SourceVersionDate "2018.10.10"]
[SourceQuality "1"]
[WhiteTeam "Ebano Casa Venezuela"]
[BlackTeam "Benito"]
[WhiteTeamCountry "ESP"]
[BlackTeamCountry "ESP"]

1. c4 Nf6 2. Nc3 g6 3. Nf3 Bg7 4. g3 0-0 5. Bg2 d6 6. 0-0 Nc6 7. Rb1 a5 8. a3 e5 9. d3 Be6 10. b4 axb4 11. axb4 Nh5 12. Bd2 f5 13. b5 Ne7 14. Ng5 Bc8 15. Nd5 h6 16. Nxe7+ Qxe7 17. Nf3 f4 18. Nh4 Kh7 19. Be4 Bf5 20. Nxf5 gxf5 21. Bxb7 Rab8 22. Bf3 Qf7 23. e3 Nf6 24. exf4 e4 25. dxe4 fxe4 26. Qc2 Rfe8 27. Rfe1 d5 28. cxd5 Qxd5 29. Bg2 Rbd8 30. Be3 Rd7 31. Red1 Qe6 32. Rxd7 Qxd7 33. b6 cxb6 34. Rxb6 Nd5 35. Bxe4+ Rxe4 36. Qxe4+ 1-0

[Event "Tenerife-chT Segunda 1718"]
[Site "Tenerife"]
[Date "2018.02.10"]
[Round "9.4"]
[White "Oudeh Mishmish, Ayed"]
[Black "Cordero Alamo, Ramon"]
[Result "1/2-1/2"]
[WhiteElo "1217"]
[BlackElo "1394"]
[PlyCount "47"]
[EventDate "2017.11.11"]
[EventType "team-tourn"]
[EventRounds "14"]
[EventCountry "ESP"]
[SourceTitle "EXT 2019"]
[Source "ChessBase"]
[SourceDate "2018.10.10"]
[SourceVersion "1"]
[SourceVersionDate "2018.10.10"]
[SourceQuality "1"]
[WhiteTeam "Al Shah Mat Los Realejos "]
[BlackTeam "Ebano Casa Venezuela"]
[WhiteTeamCountry "ESP"]
[BlackTeamCountry "ESP"]

1. d4 Nf6 2. Bf4 g6 3. Nf3 Bg7 4. e3 0-0 5. c3 d6 6. Be2 Nbd7 7. h3 c5 8. 0-0 Qb6 9. Qb3 cxd4 10. exd4 Nb8 11. Nbd2 Be6 12. Qxb6 axb6 13. a3 Nc6 14. Ng5 Bd7 15. Bb5 Na7 16. Bxd7 Nxd7 17. Rfe1 e5 18. Be3 exd4 19. Bxd4 Bxd4 20. cxd4 Nc6 21. Ngf3 d5 22. Nb1 Nf6 23. Nc3 Rfd8 24. Nb5 1/2-1/2

[Event "Tenerife-chT Segunda 1617"]
[Site "Tenerife"]
[Date "2017.03.11"]
[Round "8.3"]
[White "Fuentes Zamora, Carlos"]
[Black "Cordero Alamo, Ramon"]
[Result "0-1"]
[WhiteElo "1260"]
[BlackElo "1365"]
[PlyCount "74"]
[EventDate "2016.12.10"]
[EventType "team-tourn"]
[EventRounds "15"]
[EventCountry "ESP"]
[SourceTitle "EXT 2018"]
[Source "ChessBase"]
[SourceDate "2017.10.13"]
[SourceVersion "1"]
[SourceVersionDate "2017.10.13"]
[SourceQuality "1"]
[WhiteTeam "Puerto de la Cruz Piratas II"]
[BlackTeam "Casa de Venezuela Ebano IV"]
[WhiteTeamCountry "ESP"]
[BlackTeamCountry "ESP"]

1. d4 Nf6 2. c4 g6 3. Nc3 Bg7 4. e4 d6 5. Bg5 0-0 6. Nf3 c6 7. Be2 Nbd7 8. 0-0 Qc7 9. Qd2 e5 10. Rad1 exd4 11. Nxd4 Nc5 12. f3 Rd8 13. b4 Ne6 14. b5 Nxg5 15. Qxg5 Bd7 16. bxc6 bxc6 17. f4 Ne8 18. Bg4 Bxg4 19. Qxg4 Qb6 20. Nce2 Nf6 21. Qf3 Re8 22. Ng3 Nxe4 23. Nxe4 Bxd4+ 24. Kh1 c5 25. Rxd4 cxd4 26. Nf6+ Kg7 27. Nxe8+ Rxe8 28. Qd5 Qc5 29. h3 Rc8 30. Qxc5 dxc5 31. Rb1 Rc7 32. g4 Kf6 33. Kg2 Ke6 34. Kf3 f6 35. Rb8 Rd7 36. Re8+ Kf7 37. Rb8 d3 0-1

[Event "Tenerife-chT Segunda 1617"]
[Site "Tenerife"]
[Date "2016.12.10"]
[Round "1.3"]
[White "Pacheco Yumar, Pedro Javier"]
[Black "Cordero Alamo, Ramon"]
[Result "0-1"]
[WhiteElo "1283"]
[BlackElo "1365"]
[PlyCount "66"]
[EventDate "2016.12.10"]
[EventType "team-tourn"]
[EventRounds "15"]
[EventCountry "ESP"]
[SourceTitle "CBM 176 Extra"]
[Source "ChessBase"]
[SourceDate "2017.03.02"]
[SourceVersion "1"]
[SourceVersionDate "2017.03.02"]
[SourceQuality "1"]
[WhiteTeam "Casa de Venezuela Ebano III"]
[BlackTeam "Casa de Venezuela Ebano IV"]
[WhiteTeamCountry "ESP"]
[BlackTeamCountry "ESP"]

1. d4 Nf6 2. c4 g6 3. Nc3 Bg7 4. Bg5 0-0 5. Nf3 d6 6. e3 c6 7. Bxf6 Bxf6 8. Bd3 Nd7 9. 0-0 Re8 10. Qc2 e5 11. d5 Nc5 12. b4 Nxd3 13. Qxd3 e4 14. Nxe4 Bxa1 15. Rxa1 Bf5 16. Nfd2 Qe7 17. f3 Bxe4 18. Nxe4 f5 19. Ng3 Qxe3+ 20. Qxe3 Rxe3 21. Kf2 Rae8 22. Rc1 cxd5 23. cxd5 R8e7 24. Rc8+ Kg7 25. Rc2 Rd3 26. Ne2 Rxd5 27. Nc3 Rc7 28. Ke3 Re5+ 29. Kd2 d5 30. f4 Re6 31. Nxd5 Rxc2+ 32. Kxc2 Re2+ 33. Kb3 Rxg2 0-1

[Event "Tenerife-ch"]
[Site "Santa Cruz de Tenerife"]
[Date "2016.04.15"]
[Round "7.20"]
[White "Diaz Reyes, Franklin"]
[Black "Cordero Alamo, Ramon"]
[Result "1-0"]
[WhiteElo "1284"]
[BlackElo "1386"]
[PlyCount "59"]
[EventDate "2016.04.01"]
[EventType "swiss"]
[EventRounds "9"]
[EventCountry "ESP"]
[SourceTitle "EXT 2024"]
[Source "ChessBase"]
[SourceDate "2023.10.10"]
[SourceVersion "1"]
[SourceVersionDate "2023.10.10"]
[SourceQuality "1"]

1. e4 e6 2. d4 d5 3. exd5 exd5 4. Bd3 Nf6 5. Bg5 Be7 6. Nc3 Nc6 7. Nge2 Nb4 8. 0-0 Nxd3 9. Qxd3 0-0 10. Rfe1 c6 11. Ng3 Re8 12. Re2 h6 13. Bf4 Bd6 14. Rxe8+ Nxe8 15. Bxd6 Nxd6 16. Re1 Be6 17. Re3 Qd7 18. b3 Bf5 19. Qe2 Re8 20. Rxe8+ Nxe8 21. Nxf5 Qxf5 22. Qxe8+ Kh7 23. Qe2 Qf4 24. Qe3 Qf5 25. Qd3 Kg6 26. Qxf5+ Kxf5 27. f3 g5 28. g4+ Kf4 29. Kf2 f5 30. Ne2# 1-0

[Event "Tenerife-ch"]
[Site "Santa Cruz de Tenerife"]
[Date "2016.04.13"]
[Round "6.16"]
[White "Bernardez Gonzalez, Roberto"]
[Black "Cordero Alamo, Ramon"]
[Result "1-0"]
[WhiteElo "1571"]
[BlackElo "1386"]
[PlyCount "81"]
[EventDate "2016.04.01"]
[EventType "swiss"]
[EventRounds "9"]
[EventCountry "ESP"]
[SourceTitle "EXT 2024"]
[Source "ChessBase"]
[SourceDate "2023.10.10"]
[SourceVersion "1"]
[SourceVersionDate "2023.10.10"]
[SourceQuality "1"]

1. d4 d5 2. c4 c6 3. Nf3 Nf6 4. Nc3 dxc4 5. a4 Bf5 6. Ne5 e6 7. e3 Nbd7 8. Nxc4 Bb4 9. Bd2 Nb6 10. Ne5 0-0 11. Be2 Nbd7 12. Nd3 Be7 13. 0-0 Qc7 14. Rc1 Qb8 15. Ne1 Ne4 16. Nf3 Nxd2 17. Qxd2 h6 18. e4 Bg4 19. Qc2 Bxf3 20. Bxf3 Bg5 21. Rcd1 Nb6 22. Be2 Bf4 23. g3 Bg5 24. b4 Rc8 25. Qb3 Rc7 26. f4 Be7 27. f5 exf5 28. Rxf5 Bf8 29. a5 Nc8 30. e5 g6 31. Rf2 Re7 32. Rdf1 Qc7 33. Rxf7 Rxf7 34. Rxf7 Qxf7 35. Bc4 Qxc4 36. Qxc4+ Kg7 37. Ne4 Ne7 38. Qe6 Nf5 39. Qf6+ Kh7 40. Qf7+ Bg7 41. Nf6+ 1-0

[Event "Tenerife-chT Primera 1516"]
[Site "Tenerife"]
[Date "2016.03.05"]
[Round "9.1"]
[White "Hoyas Cebrian, Lucas"]
[Black "Cordero Alamo, Ramon"]
[Result "1-0"]
[WhiteElo "1983"]
[BlackElo "1416"]
[PlyCount "87"]
[EventDate "2015.12.12"]
[EventType "team-tourn"]
[EventRounds "14"]
[EventCountry "ESP"]
[SourceTitle "EXT 2017"]
[Source "ChessBase"]
[SourceDate "2016.10.25"]
[SourceVersion "1"]
[SourceVersionDate "2016.10.25"]
[SourceQuality "1"]
[WhiteTeam "La Victoria 94"]
[BlackTeam "Laguna Cotelec II"]
[WhiteTeamCountry "ESP"]
[BlackTeamCountry "ESP"]

1. e4 e6 2. Nf3 d5 3. e5 c5 4. b4 Bd7 5. bxc5 Bxc5 6. d4 Bb6 7. Bd3 Nc6 8. c3 Nge7 9. 0-0 a6 10. a4 Rc8 11. Ba3 Na5 12. Bd6 Nc4 13. a5 Nxa5 14. Ng5 h6 15. Qh5 g6 16. Qh3 Nf5 17. Bb4 Qxg5 18. Bxa5 Bxa5 19. Rxa5 Qd8 20. Ra3 Rc6 21. g4 Ng7 22. Nd2 Rb6 23. c4 Rb4 24. Qe3 Qg5 25. Qxg5 hxg5 26. Rc1 Ke7 27. Nf3 Rc8 28. c5 Bb5 29. Bxb5 Rxb5 30. Nxg5 f6 31. exf6+ Kxf6 32. h4 Rh8 33. Rf3+ Nf5 34. gxf5 gxf5 35. Re3 Rxh4 36. Nxe6 Rg4+ 37. Kf1 Rh4 38. Kg2 Rg4+ 39. Kf3 Re4 40. c6 Rxe3+ 41. fxe3 bxc6 42. Rxc6 Ke7 43. Rxa6 Rb3 44. Nc7 1-0